000 00269nam a2200121 i 4500
001 bg
245 0 _aSbornik zadac po nacertatelnoj geometrii.
260 _aKiev,
_c1978.
040 _cBPK
041 _apol
942 _cKS
008 s pl f |000 0 pol
999 _c20370
_d20370
856 _uhttp://koha.tu.koszalin.pl/cgi-bin/koha/opac-detail.pl?biblionumber=20370
_yKatalog online BPK